00990nam a2200253 a 4500001001000000003000400010005001700014008004100031040002500072082001600097110004700113240002600160245004900186246006900235260006400304300002000368504002700388590002800415910002800443942001400471952011400485952012000599999001700719000028054OSt20210122121303.0110414s2010 dr r 000 0 spa d aDO-SdBNPbspacBNPHU axxxxbR426L1 aRepública Dominicanableyes 24-9795508410aLeyes, decretos, etc.10aLey 24-97 contra la violencia intrafamiliar.14aLey no. 24-97 :bsobre violencia contra la mujer e intrafamiliar aSanto Domingo :bSecretaría de Estado de la Mujer,c2010. a37 p. ;c21 cm. aBibliografía : p. 37 aInventariado, 2021 / DG aInventariado, 2021 / DG 2ddccLBS1 0010718PDaPDbPDcHDd2011-04-06iLF1l0oxxxx R426Lp28054-10r2020-06-25w2020-06-25yLFPDZNo se presta 00102ddc728MOaBNPHUbBNPHUcCTeDonado por Maritza Pèrez G.l0oxxxx R426Lr2021-01-22te.2w2021-01-22yLBS1 c27546d27546